Understanding humic substances : advanced methods, properties and applications
Αποθηκεύτηκε σε:
| Συλλογικό Έργο: | , |
|---|---|
| Άλλοι συγγραφείς: | , |
| Μορφή: | Πρακτικό Συνεδρίου Βιβλίο |
| Γλώσσα: | English |
| Δημοσίευση: |
Cambridge :
Royal Society of Chemistry,
1999.
|
| Σειρά: | Special publication (Royal Society of Chemistry (Great Britain))
; 247 |
| Θέματα: | |
| Ετικέτες: |
Προσθήκη ετικέτας
Δεν υπάρχουν, Καταχωρήστε ετικέτα πρώτοι!
|
MARC
| LEADER | 00000cam a2200000 i 4500 | ||
|---|---|---|---|
| 001 | 1/102499 | ||
| 008 | 090311s1999 eng d | ||
| 020 | |a 0-85404-799-9 | ||
| 035 | |l 10103686 | ||
| 040 | |a GR-MY-UA |b gre |e aacr | ||
| 041 | 0 | |a eng | |
| 082 | 0 | |a 631.417 |2 (22) | |
| 245 | 1 | 0 | |a Understanding humic substances : |b advanced methods, properties and applications / |c edited by Elham A. Ghabbour, Geoffrey Davies. |
| 260 | |a Cambridge : |b Royal Society of Chemistry, |c 1999. | ||
| 300 | |a xv, 286 σ. : |b εικ. ; |c 24 εκ. | ||
| 490 | 1 | |a (Special publication |v ; 247) | |
| 500 | |a Εργασίες από την διεξαγωγή του 3ου Humic Substances Seminar που πραγματοποιήθηκε στις 22-23 Μαρτίου 1999 στο Πανεπιστήμιο του Northeastern, Βοστόνη, Μασαχουσέτη. | ||
| 504 | |a Περιέχει βιβλιογραφικές παραπομπές. | ||
| 650 | 0 | 0 | |a Humus |x Congresses. |
| 650 | 0 | 0 | |a Humic acid |x Congresses. |
| 700 | 1 | |a Davies, Geoffrey, |e edt | |
| 700 | 1 | |a Ghabbour, Elham A. |e edt | |
| 710 | 2 | |a Royal Society of Chemistry (Great Britain) | |
| 711 | 2 | |a Humic Substances Seminar |n (3rd : |d 1999 : |c Northeastern University, Boston, Mass.) | |
| 830 | 0 | |a Special publication (Royal Society of Chemistry (Great Britain)) |v ; 247 | |
| 852 | |a INST |b LESVOS |e 20090311 |h 631.417 UND |p 005100044470 |q 005100044470 |t BK |y 0 | ||
| 901 | |a BIBL1-2009-1 | ||
| 909 | |a Λ |b 154113 | ||
| 922 | |a 1ΕΛΗ |b 200809 |c ΕΠΕΑΕΚ2/ΤΠ |d ΜΙΧΑΛΟΠΟΥΛΟΣ | ||
| 970 | |a ΚΑΡΑ |b ΓΙΑΣΕΜΗ |z 2009/03/11 | ||